[Event "Lloyds Bank Masters 13th"]
[Site "London"]
[Date "1989.08.??"]
[Round "?"]
[White "Basman, Michael J"]
[Black "Singh, Sukh Dave"]
[Result "0-1"]
[WhiteElo "2385"]
[BlackElo "2225"]
[PlyCount "83"]
[EventDate "1989.08.19"]
[EventType "swiss"]
[EventRounds "10"]
[EventCountry "ENG"]
[SourceTitle "BritBase"]
[Source "John Saunders"]
[SourceDate "2020.09.07"]
[SourceVersion "1"]
[SourceVersionDate "2020.09.07"]
[SourceQuality "2"]

1. g4 d5 2. h3 e5 3. Bg2 c6 4. d4 e4 5. c4 Bd6 6. Nc3 Ne7 7. Qb3 O-O 8. Bd2 Na6
9. Rc1 Bb4 10. Nxe4 dxe4 11. Bxb4 c5 12. Bxc5 Nxc5 13. dxc5 f5 14. gxf5 Bxf5
15. h4 Ng6 16. Qc3 Nf4 17. Bf1 Qc7 18. h5 Rad8 19. h6 Nd3+ 20. exd3 exd3 21.
Nf3 Rde8+ 22. Kd1 Bg4 23. Bxd3 Rxf3 24. Kc2 Bf5 25. Rcd1 Rd8 26. Rhg1 g6 27.
Bxf5 Rxc3+ 28. bxc3 Rxd1 29. Be6+ Kf8 30. Rxd1 Qxc5 31. Rd4 Qe5 32. Bg4 Qg5 33.
f3 Qxh6 34. Rd8+ Ke7 35. Rd7+ Kf6 36. Rxb7 Qh2+ 37. Kb3 h5 38. Bd7 Qf2 39. Rb5
Qxf3 40. Kb4 Qd1 41. Rd5 Qb1+ 42. Kc5 0-1

[Event "Lloyds Bank Masters 13th"]
[Site "London"]
[Date "1989.08.??"]
[Round "?"]
[White "Basman, Michael J"]
[Black "Summerscale, Aaron"]
[Result "1-0"]
[WhiteElo "2385"]
[BlackElo "2320"]
[PlyCount "77"]
[EventDate "1989.08.19"]
[EventType "swiss"]
[EventRounds "10"]
[EventCountry "ENG"]
[SourceTitle "BritBase"]
[Source "John Saunders"]
[SourceDate "2020.09.07"]
[SourceVersion "1"]
[SourceVersionDate "2020.09.07"]
[SourceQuality "2"]

1. g4 d5 2. h3 e5 3. Bg2 Nc6 4. c4 dxc4 5. Bxc6+ bxc6 6. Nf3 h5 7. gxh5 e4 8.
Ne5 Qd5 9. Qa4 e3 10. f3 Ne7 11. Nxc4 exd2+ 12. Bxd2 Be6 13. Nba3 Nc8 14. e4
Qd7 15. Ne5 Qd6 16. Rc1 Nb6 17. Qxc6+ Qxc6 18. Nxc6 Rxh5 19. Nd4 Bd7 20. Rxc7
Bxa3 21. bxa3 Rxh3 22. Rxh3 Bxh3 23. Nb5 Bd7 24. Nd6+ Kd8 25. Rc1 Be6 26. Bf4
Kd7 27. Nb5 Bc4 28. a4 Rh8 29. Kf2 a6 30. Nd6 Bxa2 31. a5 Nc8 32. Nf5 g6 33.
Rc7+ Kd8 34. Nd4 Be6 35. Rc6 Rh5 36. Rxa6 Bc4 37. Rc6 Bd3 38. a6 Ra5 39. Bc7+
1-0

[Event "Lloyds Bank Masters 13th"]
[Site "London"]
[Date "1989.08.??"]
[Round "?"]
[White "Basman, Michael J"]
[Black "Taylor, David"]
[Result "1-0"]
[WhiteElo "2385"]
[BlackElo "2320"]
[PlyCount "75"]
[EventDate "1989.08.19"]
[EventType "swiss"]
[EventRounds "10"]
[EventCountry "ENG"]
[SourceTitle "BritBase"]
[Source "John Saunders"]
[SourceDate "2020.09.07"]
[SourceVersion "1"]
[SourceVersionDate "2020.09.07"]
[SourceQuality "2"]

1. g4 d5 2. h3 c6 3. Nf3 e6 4. b3 Bd6 5. Bb2 f6 6. c4 Nd7 7. Qc2 Nf8 8. Nc3 Bd7
9. e3 Qc7 10. Rc1 dxc4 11. Bxc4 O-O-O 12. Qe4 Kb8 13. Rg1 Ne7 14. a3 e5 15. b4
h5 16. Be2 hxg4 17. hxg4 Be6 18. b5 Qd7 19. Qa4 Rc8 20. g5 c5 21. gxf6 gxf6 22.
Ne4 Nd5 23. d3 a6 24. Nxd6 Qxd6 25. bxa6 Qxa6 26. Qxa6 bxa6 27. Nxe5 Rh7 28.
Nc4 Nd7 29. Rb1 Ka7 30. Bf3 Rb8 31. Ke2 N7b6 32. Na5 Rc8 33. Ba1 c4 34. dxc4
Nxc4 35. Nxc4 Rxc4 36. Bd4+ Ka8 37. Rb6 Rxd4 38. exd4 1-0

[Event "Lloyds Bank Masters 13th"]
[Site "London"]
[Date "1989.08.??"]
[Round "?"]
[White "Beaumont, Chris"]
[Black "Law, Andrew P"]
[Result "1-0"]
[WhiteElo "2415"]
[BlackElo "2325"]
[PlyCount "77"]
[EventDate "1989.08.19"]
[EventType "swiss"]
[EventRounds "10"]
[EventCountry "ENG"]
[SourceTitle "BritBase"]
[Source "John Saunders"]
[SourceDate "2020.09.07"]
[SourceVersion "1"]
[SourceVersionDate "2020.09.07"]
[SourceQuality "2"]

1. Nf3 d5 2. c4 d4 3. g3 Nc6 4. Bg2 e5 5. O-O Nf6 6. b4 e4 7. Ng5 Bxb4 8. Nxe4
Nxe4 9. Bxe4 O-O 10. Qb3 Qe7 11. d3 Nd8 12. Ba3 a5 13. Bxb4 axb4 14. a3 Ne6 15.
Bg2 Ra5 16. Qb2 bxa3 17. Rxa3 Re5 18. e4 f5 19. f4 Rc5 20. e5 Rd8 21. Nd2 b5
22. Qb4 bxc4 23. dxc4 Qe8 24. Nb3 Rc6 25. Bxc6 Qxc6 26. Na5 Qe4 27. Re1 c5 28.
Qb1 Qa8 29. Qd3 Rd7 30. Qf3 Ra7 31. Qxa8 Rxa8 32. Rea1 g5 33. Nc6 Rxa3 34. Rxa3
Bb7 35. Ne7+ Kf8 36. Nxf5 gxf4 37. Ra7 Be4 38. Nd6 Bd3 39. gxf4 1-0

[Event "Lloyds Bank Masters 13th"]
[Site "London"]
[Date "1989.08.??"]
[Round "?"]
[White "Berg, Klaus"]
[Black "Weide, Jan"]
[Result "1-0"]
[WhiteElo "2420"]
[BlackElo "2320"]
[PlyCount "59"]
[EventDate "1989.08.19"]
[EventType "swiss"]
[EventRounds "10"]
[EventCountry "ENG"]
[SourceTitle "BritBase"]
[Source "John Saunders"]
[SourceDate "2020.09.07"]
[SourceVersion "1"]
[SourceVersionDate "2020.09.07"]
[SourceQuality "2"]

1. e4 c5 2. Nf3 d6 3. d4 cxd4 4. Nxd4 Nf6 5. Nc3 g6 6. Be3 Bg7 7. f3 O-O 8. Qd2
Nc6 9. Bc4 Bd7 10. O-O-O Qb8 11. h4 Nxd4 12. Bxd4 b5 13. Bb3 a5 14. h5 a4 15.
Bd5 e5 16. Bxa8 exd4 17. Nd5 Qxa8 18. Ne7+ Kh8 19. h6 Bxh6 20. Qxh6 Be6 21.
Rxd4 Re8 22. Nd5 Bxd5 23. Rxd5 Qc8 24. Rd2 a3 25. Qf4 axb2+ 26. Kb1 Qc6 27.
Rxd6 Qc3 28. Qxf6+ Qxf6 29. Rxh7+ Kxh7 30. Rxf6 1-0

[Event "Lloyds Bank Masters 13th"]
[Site "London"]
[Date "1989.08.??"]
[Round "?"]
[White "Burgess, Graham"]
[Black "Stefansson, Hannes"]
[Result "0-1"]
[WhiteElo "2350"]
[BlackElo "2470"]
[PlyCount "68"]
[EventDate "1989.08.19"]
[EventType "swiss"]
[EventRounds "10"]
[EventCountry "ENG"]
[SourceTitle "BritBase"]
[Source "John Saunders"]
[SourceDate "2020.09.07"]
[SourceVersion "1"]
[SourceVersionDate "2020.09.07"]
[SourceQuality "2"]

1. d4 Nf6 2. c4 c5 3. d5 g6 4. Nc3 Bg7 5. e4 d6 6. Nf3 O-O 7. Be2 e6 8. O-O
exd5 9. cxd5 Re8 10. Nd2 Nbd7 11. h3 a6 12. a4 Rb8 13. a5 Qc7 14. Ra3 b5 15.
axb6 Rxb6 16. Re1 Rb4 17. Bxa6 Bxa6 18. Rxa6 Ne5 19. Nf3 Nxf3+ 20. Qxf3 Nd7 21.
Qd1 Nb6 22. Qc2 Qb7 23. Ra2 f5 24. Bd2 Bxc3 25. bxc3 Rbxe4 26. Rb1 Qc7 27. Qb3
Nc4 28. f3 Nxd2 29. Rxd2 Re1+ 30. Rxe1 Rxe1+ 31. Kf2 Qe7 32. c4 f4 33. g3 Rh1
34. Rd1 Rh2+ 0-1

[Event "Lloyds Bank Masters 13th"]
[Site "London"]
[Date "1989.08.??"]
[Round "?"]
[White "Chachere, Lawrence"]
[Black "Ravi, Lanka"]
[Result "0-1"]
[WhiteElo "2315"]
[BlackElo "2410"]
[PlyCount "62"]
[EventDate "1989.08.19"]
[EventType "swiss"]
[EventRounds "10"]
[EventCountry "ENG"]
[SourceTitle "BritBase"]
[Source "John Saunders"]
[SourceDate "2020.09.07"]
[SourceVersion "1"]
[SourceVersionDate "2020.09.07"]
[SourceQuality "2"]

1. d4 Nf6 2. c4 g6 3. Nc3 d5 4. Bf4 Bg7 5. Rc1 O-O 6. e3 c6 7. h3 dxc4 8. Bxc4
Nd5 9. Bxd5 cxd5 10. Qb3 e6 11. Nf3 Nc6 12. O-O Na5 13. Qb4 b6 14. Nb5 Ba6 15.
Rfd1 Bxb5 16. Qxb5 Rc8 17. Nd2 Qe7 18. b4 Nb7 19. a3 Nd6 20. Qa6 Qb7 21. Qxb7
Nxb7 22. a4 f6 23. Nf3 Kf7 24. Kf1 Ke7 25. Ke2 Kd7 26. Kd2 a6 27. b5 axb5 28.
axb5 Na5 29. Ke1 Nc4 30. Ra1 Ra8 31. Rdb1 Na3 0-1

[Event "Lloyds Bank Masters 13th"]
[Site "London"]
[Date "1989.08.??"]
[Round "?"]
[White "Cooper, Lawrence"]
[Black "Carlier, Bruno"]
[Result "0-1"]
[WhiteElo "2300"]
[BlackElo "2390"]
[PlyCount "82"]
[EventDate "1989.08.19"]
[EventType "swiss"]
[EventRounds "10"]
[EventCountry "ENG"]
[SourceTitle "BritBase"]
[Source "John Saunders"]
[SourceDate "2020.09.07"]
[SourceVersion "1"]
[SourceVersionDate "2020.09.07"]
[SourceQuality "2"]

1. e4 c5 2. Nf3 Nc6 3. d4 cxd4 4. Nxd4 Nf6 5. Nc3 d6 6. Bg5 e6 7. Qd2 h6 8.
Bxf6 gxf6 9. O-O-O a6 10. f4 h5 11. Kb1 Bd7 12. Be2 Qb6 13. Nb3 O-O-O 14. Bf3
Kb8 15. h4 Na5 16. Qe2 Nxb3 17. cxb3 Bh6 18. Bxh5 Bxf4 19. Bxf7 Be5 20. h5 Rhf8
21. Bg6 Rc8 22. Rc1 Qb4 23. Qd3 Rg8 24. g4 Rg7 25. Qe3 Bc6 26. Rhe1 d5 27. exd5
exd5 28. Qd3 d4 29. Ne4 Bb5 30. Qd2 Rxc1+ 31. Rxc1 Qxd2 32. Nxd2 Bf4 33. Nf3
Bxc1 34. Kxc1 Be2 35. Nxd4 Bxg4 36. Kd2 Rg8 37. Ke3 Rh8 38. Kf4 Bxh5 39. Kf5
Bxg6+ 40. Kxg6 Rh4 41. Ne6 Rh2 0-1

[Event "Lloyds Bank Masters 13th"]
[Site "London"]
[Date "1989.08.??"]
[Round "?"]
[White "Dukaczewski, Piotr"]
[Black "Cavendish, James"]
[Result "0-1"]
[WhiteElo "2285"]
[BlackElo "2390"]
[PlyCount "54"]
[EventDate "1989.08.19"]
[EventType "swiss"]
[EventRounds "10"]
[EventCountry "ENG"]
[SourceTitle "BritBase"]
[Source "John Saunders"]
[SourceDate "2020.09.07"]
[SourceVersion "1"]
[SourceVersionDate "2020.09.07"]
[SourceQuality "2"]

1. e4 c5 2. Nf3 Nc6 3. d4 cxd4 4. Nxd4 Nf6 5. Nc3 e5 6. Ndb5 d6 7. Nd5 Nxd5 8.
exd5 Ne7 9. c4 Ng6 10. Be2 Be7 11. O-O O-O 12. b4 a6 13. Nc3 f5 14. Re1 e4 15.
Bb2 Bf6 16. c5 Bd7 17. Qb3 Kh8 18. Rac1 Be5 19. Nd1 Qf6 20. Bxe5 Nxe5 21. Kh1
Rae8 22. Nc3 Qh4 23. Rf1 Rf6 24. Qc2 Rh6 25. h3 f4 26. Nxe4 Bxh3 27. g3 Bg2+
0-1

[Event "Lloyds Bank Masters 13th"]
[Site "London"]
[Date "1989.08.??"]
[Round "?"]
[White "Dunnington, Angus J"]
[Black "Stefansson, Hannes"]
[Result "1-0"]
[WhiteElo "2380"]
[BlackElo "2470"]
[PlyCount "110"]
[EventDate "1989.08.19"]
[EventType "swiss"]
[EventRounds "10"]
[EventCountry "ENG"]
[SourceTitle "BritBase"]
[Source "John Saunders"]
[SourceDate "2020.09.07"]
[SourceVersion "1"]
[SourceVersionDate "2020.09.07"]
[SourceQuality "2"]

1. Nf3 Nf6 2. g3 d5 3. Bg2 c5 4. O-O Nc6 5. d4 Bg4 6. dxc5 e6 7. c4 dxc4 8. Qa4
Qa5 9. Qxc4 Bxc5 10. Bd2 Qb6 11. Nc3 Qb4 12. Qxb4 Bxb4 13. a3 Be7 14. b4 Rc8
15. e3 O-O 16. Rfc1 Rfd8 17. Be1 Nd7 18. h3 Bh5 19. g4 Bg6 20. Nb5 Be4 21. Nfd4
Bxg2 22. Kxg2 Nxd4 23. Nxd4 Nb6 24. Rxc8 Rxc8 25. Rd1 Bf6 26. Nb3 Nd5 27. Kf3
b5 28. e4 Nb6 29. Na5 Bb2 30. Nc6 Kf8 31. Nxa7 Rb8 32. Nxb5 Nc4 33. a4 Nb6 34.
a5 Nc4 35. Na7 Ne5+ 36. Kg3 Ke8 37. b5 Nc4 38. b6 Nxb6 39. axb6 Rxb6 40. Nc8
Rc6 41. Na7 Ra6 42. Nb5 Rb6 43. Nc3 Rb4 44. f3 f6 45. Ne2 Rc4 46. Bd2 Rc2 47.
Kf2 Ba3 48. Be3 Ra2 49. Rd3 Be7 50. Rd2 Ra5 51. Nd4 Ra6 52. Rc2 Kd7 53. Rb2 Kc8
54. f4 g6 55. Kf3 e5 1-0

[Event "Lloyds Bank Masters 13th"]
[Site "London"]
[Date "1989.08.??"]
[Round "?"]
[White "Franklin, Michael J"]
[Black "Beaumont, Chris"]
[Result "0-1"]
[WhiteElo "2320"]
[BlackElo "2415"]
[PlyCount "96"]
[EventDate "1989.08.19"]
[EventType "swiss"]
[EventRounds "10"]
[EventCountry "ENG"]
[SourceTitle "BritBase"]
[Source "John Saunders"]
[SourceDate "2020.09.07"]
[SourceVersion "1"]
[SourceVersionDate "2020.09.07"]
[SourceQuality "2"]

1. d4 g6 2. Nf3 Bg7 3. c3 d6 4. Bf4 Nd7 5. e3 e5 6. Bg3 Qe7 7. Be2 Ngf6 8. a4
O-O 9. Na3 Ne4 10. Nc4 Nxg3 11. hxg3 exd4 12. exd4 Re8 13. Kf1 Nf6 14. Bd3 c5
15. Rh4 Be6 16. Ne3 Nd5 17. Nc2 Bf6 18. Rh1 Rac8 19. Qd2 h5 20. Re1 Qd8 21. c4
Ne7 22. d5 Bf5 23. Bxf5 Nxf5 24. b3 a6 25. Ne3 Bg5 26. Nxg5 Qxg5 27. Qd3 Nxe3+
28. Rxe3 Rxe3 29. Qxe3 Qf5 30. Rh4 Qb1+ 31. Ke2 Qc2+ 32. Ke1 b5 33. axb5 axb5
34. cxb5 Qb1+ 35. Ke2 Qc2+ 36. Ke1 Rb8 37. Rc4 Qb1+ 38. Rc1 Qf5 39. Qf3 Qxf3
40. gxf3 Rxb5 41. Rc3 Kg7 42. f4 Kf6 43. Ke2 Rb4 44. Rd3 Kf5 45. Kd2 h4 46.
gxh4 Rxf4 47. f3 Rxh4 48. Ke3 Ke5 0-1

[Event "Lloyds Bank Masters 13th"]
[Site "London"]
[Date "1989.08.??"]
[Round "?"]
[White "Harandi, Khosro"]
[Black "Parker, Jonathan"]
[Result "1-0"]
[WhiteElo "2430"]
[BlackElo "2320"]
[PlyCount "81"]
[EventDate "1989.08.19"]
[EventType "swiss"]
[EventRounds "10"]
[EventCountry "ENG"]
[SourceTitle "BritBase"]
[Source "John Saunders"]
[SourceDate "2020.09.07"]
[SourceVersion "1"]
[SourceVersionDate "2020.09.07"]
[SourceQuality "2"]

1. e4 e5 2. Nf3 Nc6 3. Bb5 a6 4. Ba4 Nf6 5. O-O Be7 6. Re1 b5 7. Bb3 O-O 8. d4
d6 9. c3 exd4 10. cxd4 Bg4 11. Be3 Na5 12. Bc2 Nc4 13. Bc1 c5 14. b3 Nb6 15.
Bb2 a5 16. h3 Bc8 17. a4 b4 18. Bd3 Nfd7 19. Nbd2 Bb7 20. Rc1 Rc8 21. Qe2 d5
22. exd5 Nxd5 23. Bb1 Re8 24. Nc4 Ba6 25. Bxh7+ Kxh7 26. Qe4+ Kg8 27. Qxd5 Bxc4
28. Qxc4 Bf6 29. Ne5 Bxe5 30. dxe5 Qb6 31. Rcd1 Nf8 32. Rd5 Ne6 33. Red1 Red8
34. Rd6 Qc7 35. R1d5 Rxd6 36. exd6 Qd7 37. Qg4 Rd8 38. Bf6 Re8 39. Bxg7 f5 40.
Qxf5 Qxg7 41. d7 1-0

[Event "Lloyds Bank Masters 13th"]
[Site "London"]
[Date "1989.08.??"]
[Round "?"]
[White "Holland, Christopher"]
[Black "Lalic, Susan"]
[Result "1-0"]
[WhiteElo "2265"]
[BlackElo "2345"]
[PlyCount "81"]
[EventDate "1989.08.19"]
[EventType "swiss"]
[EventRounds "10"]
[EventCountry "ENG"]
[SourceTitle "BritBase"]
[Source "John Saunders"]
[SourceDate "2020.09.07"]
[SourceVersion "1"]
[SourceVersionDate "2020.09.07"]
[SourceQuality "2"]

1. c4 Nf6 2. Nc3 e6 3. e4 d5 4. e5 d4 5. Nce2 Nfd7 6. f4 c5 7. Nf3 Nc6 8. Ng3
b6 9. Bd3 Bb7 10. O-O Be7 11. Qe2 Qc7 12. a3 O-O-O 13. Be4 f5 14. exf6 gxf6 15.
f5 e5 16. d3 Bf8 17. Rb1 Ne7 18. Nh4 Kb8 19. Qh5 Nc8 20. Ng6 Bxe4 21. Nxe4 Rg8
22. Qxh7 Bg7 23. Bd2 Rde8 24. Rbe1 Nd6 25. Nxd6 Qxd6 26. Re4 b5 27. b3 bxc4 28.
bxc4 Qa6 29. Ne7 Rh8 30. Qxg7 Qxa3 31. Rf3 Qa2 32. Be1 Nb6 33. Qxf6 Ka8 34.
Qxe5 Rhg8 35. Nxg8 Rxe5 36. Rxe5 Nxc4 37. dxc4 d3 38. Rxd3 Qxc4 39. Rde3 Kb7
40. f6 Qxg8 41. f7 1-0

[Event "Lloyds Bank Masters 13th"]
[Site "London"]
[Date "1989.08.??"]
[Round "?"]
[White "Holland, Edward"]
[Black "Morris, Philip"]
[Result "0-1"]
[WhiteElo "2310"]
[BlackElo "2345"]
[PlyCount "40"]
[EventDate "1989.08.19"]
[EventType "swiss"]
[EventRounds "10"]
[EventCountry "ENG"]
[SourceTitle "BritBase"]
[Source "John Saunders"]
[SourceDate "2020.09.07"]
[SourceVersion "1"]
[SourceVersionDate "2020.09.07"]
[SourceQuality "2"]

1. e4 e5 2. Nf3 Nc6 3. d4 exd4 4. Bc4 Nf6 5. O-O Bc5 6. Bg5 h6 7. Bh4 d6 8. c3
dxc3 9. Nxc3 g5 10. Bg3 O-O 11. Qc2 Bg4 12. e5 d5 13. exf6 Bxf3 14. Bd3 Nd4 15.
Qd2 Qxf6 16. Kh1 Bxg2+ 17. Kxg2 Qf3+ 18. Kh3 Be7 19. Bh7+ Kxh7 20. Qxd4 f5 0-1

[Event "Lloyds Bank Masters 13th"]
[Site "London"]
[Date "1989.08.??"]
[Round "?"]
[White "Haque, Rezaul"]
[Black "Webster, Andrew"]
[Result "0-1"]
[WhiteElo "2285"]
[BlackElo "2235"]
[PlyCount "54"]
[EventDate "1989.08.19"]
[EventType "swiss"]
[EventRounds "10"]
[EventCountry "ENG"]
[SourceTitle "BritBase"]
[Source "John Saunders"]
[SourceDate "2020.09.07"]
[SourceVersion "1"]
[SourceVersionDate "2020.09.07"]
[SourceQuality "2"]

1. d4 Nf6 2. c4 g6 3. Nc3 Bg7 4. e4 d6 5. Nf3 O-O 6. Be2 e5 7. d5 a5 8. Nd2 Na6
9. g4 Nc5 10. b3 Bh6 11. Bf3 Nxg4 12. Bxg4 Nd3+ 13. Kf1 Bxg4 14. Qxg4 Nxc1 15.
Nf3 Nd3 16. h4 Qc8 17. Qg1 f5 18. h5 fxe4 19. hxg6 Rxf3 20. Nxe4 Qf5 21. gxh7+
Kh8 22. Rxh6 Qxe4 23. Rh2 Raf8 24. Qg5 Rxf2+ 25. Rxf2 Qh1+ 26. Ke2 Rxf2+ 27.
Kxd3 Qf3+ 0-1

[Event "Lloyds Bank Masters 13th"]
[Site "London"]
[Date "1989.08.??"]
[Round "?"]
[White "Jackson, Sheila"]
[Black "Forbes, Cathy"]
[Result "1-0"]
[WhiteElo "2195"]
[BlackElo "2055"]
[PlyCount "113"]
[EventDate "1989.08.19"]
[EventType "swiss"]
[EventRounds "10"]
[EventCountry "ENG"]
[SourceTitle "BritBase"]
[Source "John Saunders"]
[SourceDate "2020.09.07"]
[SourceVersion "1"]
[SourceVersionDate "2020.09.07"]
[SourceQuality "2"]

1. e4 c5 2. c3 d6 3. d4 Nf6 4. f3 Nbd7 5. Be3 Qa5 6. Qd2 cxd4 7. cxd4 Qxd2+ 8.
Kxd2 g6 9. Nc3 Bg7 10. Nge2 Nb6 11. b3 Bd7 12. Rc1 O-O 13. a4 Rac8 14. g4 Rfd8
15. g5 Ne8 16. h4 f6 17. d5 Na8 18. Nd4 Nac7 19. Bc4 Na6 20. Ncb5 Ra8 21. Rcg1
Nc5 22. h5 fxg5 23. Rxg5 Nf6 24. hxg6 Nfxe4+ 25. fxe4 Nxe4+ 26. Kd3 Nxg5 27.
Bxg5 Bxb5 28. gxh7+ Kf7 29. Bxb5 Rh8 30. Bd7 Bf6 31. Be3 Raf8 32. Bf5 Rb8 33.
Ne6 b5 34. a5 b4 35. Bxa7 Rb5 36. Be4 Rxa5 37. Bd4 Bxd4 38. Nxd4 Rc5 39. Rf1+
Ke8 40. Bg6+ Kd7 41. Bf5+ Ke8 42. Rg1 Kf7 43. Be6+ Kf6 44. Bg8 Rc3+ 45. Ke4 Rh3
46. Rf1+ Kg6 47. Rf7 Rh1 48. Kd3 Re1 49. Ne6 Rc1 50. Rf3 Rc8 51. Kd4 Rc1 52.
Nd8 Rc8 53. Nc6 e5+ 54. dxe6 Rxc6 55. e7 Rc8 56. Rf8 Rxh7 57. Bxh7+ 1-0

[Event "Lloyds Bank Masters 13th"]
[Site "London"]
[Date "1989.08.??"]
[Round "?"]
[White "Jackson, Sheila"]
[Black "McHugh, Kevin"]
[Result "1-0"]
[WhiteElo "2195"]
[BlackElo "2320"]
[PlyCount "53"]
[EventDate "1989.08.19"]
[EventType "swiss"]
[EventRounds "10"]
[EventCountry "ENG"]
[SourceTitle "BritBase"]
[Source "John Saunders"]
[SourceDate "2020.09.07"]
[SourceVersion "1"]
[SourceVersionDate "2020.09.07"]
[SourceQuality "2"]

1. e4 e6 2. d4 d5 3. Nd2 Nf6 4. e5 Nfd7 5. Bd3 c5 6. c3 Nc6 7. Ne2 cxd4 8. cxd4
f6 9. exf6 Nxf6 10. O-O Bd6 11. Nf3 O-O 12. Bf4 Bxf4 13. Nxf4 Ne4 14. Ne2 Rxf3
15. gxf3 Ng5 16. f4 Nh3+ 17. Kh1 Qf6 18. Bxh7+ Kh8 19. Bc2 e5 20. dxe5 Nxe5 21.
Qxd5 Bg4 22. f3 Qh4 23. Qxe5 Nf2+ 24. Rxf2 Qxf2 25. fxg4 Qf3+ 26. Kg1 Qxg4+ 27.
Ng3 1-0

[Event "Lloyds Bank Masters 13th"]
[Site "London"]
[Date "1989.08.??"]
[Round "?"]
[White "Kopp, B."]
[Black "Harandi, Khosro"]
[Result "0-1"]
[WhiteElo "2265"]
[BlackElo "2430"]
[PlyCount "88"]
[EventDate "1989.08.19"]
[EventType "swiss"]
[EventRounds "10"]
[EventCountry "ENG"]
[SourceTitle "BritBase"]
[Source "John Saunders"]
[SourceDate "2020.09.07"]
[SourceVersion "1"]
[SourceVersionDate "2020.09.07"]
[SourceQuality "2"]

1. e4 e5 2. Nf3 Nc6 3. Bc4 Be7 4. O-O Nf6 5. d4 d6 6. d5 Nb8 7. h3 Nxe4 8. Qe2
Nf6 9. Nc3 O-O 10. Bg5 Nbd7 11. Rad1 h6 12. Bc1 Nb6 13. Bb3 Bf5 14. g4 Bh7 15.
Kh2 Bg6 16. Rg1 Nh7 17. Rg2 a6 18. Rdg1 Bg5 19. Nxg5 hxg5 20. Ne4 Bxe4 21. Qxe4
Nd7 22. Qe3 Re8 23. c4 Qf6 24. Rg3 Ndf8 25. Bc2 Ng6 26. a4 Nf4 27. a5 Nf8 28.
Re1 Nd7 29. Qe4 g6 30. b4 Kg7 31. Ba4 Qe7 32. Rb3 Qd8 33. Qc2 Rh8 34. Bxf4 gxf4
35. c5 Nf6 36. Qd1 Rh4 37. Kg2 e4 38. Qd4 f3+ 39. Kg3 Qh8 40. Rxe4 Rxh3+ 41.
Kf4 Qh6+ 42. g5 Qh4+ 43. Ke3 Qxg5+ 44. Kd3 Qf5 0-1

[Event "Lloyds Bank Masters 13th"]
[Site "London"]
[Date "1989.08.??"]
[Round "?"]
[White "Lalic, Susan"]
[Black "Hamid, Rani"]
[Result "1-0"]
[WhiteElo "2345"]
[BlackElo "2320"]
[PlyCount "143"]
[EventDate "1989.08.19"]
[EventType "swiss"]
[EventRounds "10"]
[EventCountry "ENG"]
[SourceTitle "BritBase"]
[Source "John Saunders"]
[SourceDate "2020.09.07"]
[SourceVersion "1"]
[SourceVersionDate "2020.09.07"]
[SourceQuality "2"]

1. e4 c5 2. Nc3 Nc6 3. f4 d6 4. Nf3 a6 5. a4 Bg4 6. Be2 g6 7. O-O Bg7 8. h3 Bd7
9. Bc4 e6 10. d3 Nge7 11. Qe1 Nd4 12. Nxd4 cxd4 13. Ne2 b5 14. axb5 axb5 15.
Rxa8 Qxa8 16. Bb3 Nc6 17. f5 gxf5 18. exf5 Be5 19. fxe6 Bxe6 20. Bxe6 fxe6 21.
Qh4 Ne7 22. Nxd4 Rg8 23. Nf3 Nf5 24. Qf2 Bf6 25. c3 Qd5 26. d4 Kd7 27. Bf4 h5
28. Qe2 Bd8 29. Kh1 Bg5 30. Bh2 Bd8 31. Rf2 Bb6 32. Nd2 h4 33. Ne4 Bd8 34. Rf4
Kc6 35. Rf3 Qa2 36. Bf4 Qb1+ 37. Kh2 Be7 38. Nd2 Qa2 39. c4 Rg6 40. cxb5+ Kd7
41. Nb3 Bg5 42. Bxg5 Rxg5 43. Qc2 Qa8 44. Qd2 Rg3 45. Rc3 Qe4 46. Qf2 Qd5 47.
Qc2 Rxc3 48. bxc3 Qxb5 49. c4 Qb8 50. d5 Qg8 51. Qd3 Qg3+ 52. Qxg3 hxg3+ 53.
Kg1 exd5 54. cxd5 Ke7 55. Nd2 Kf6 56. Nc4 Kg5 57. Kf1 Kf4 58. Ke2 Ke4 59. Nd2+
Kxd5 60. Kf3 Kd4 61. Kf4 Nh6 62. Ne4 Kd5 63. Nxg3 Ke6 64. h4 d5 65. Ne2 Nf5 66.
h5 Ne7 67. Nd4+ Kf6 68. g4 Ng8 69. g5+ Kg7 70. Ke5 Kh7 71. Nf5 Kh8 72. Kxd5 1-0

[Event "Lloyds Bank Masters 13th"]
[Site "London"]
[Date "1989.08.??"]
[Round "?"]
[White "Lalic, Susan"]
[Black "Korhonen, Jukka"]
[Result "1-0"]
[WhiteElo "2345"]
[BlackElo "2320"]
[PlyCount "137"]
[EventDate "1989.08.19"]
[EventType "swiss"]
[EventRounds "10"]
[EventCountry "ENG"]
[SourceTitle "BritBase"]
[Source "John Saunders"]
[SourceDate "2020.09.07"]
[SourceVersion "1"]
[SourceVersionDate "2020.09.07"]
[SourceQuality "2"]

1. e4 c5 2. c3 d5 3. exd5 Qxd5 4. d4 e6 5. Nf3 Nf6 6. Bd3 Be7 7. O-O Nc6 8. c4
Qd8 9. dxc5 O-O 10. a3 a5 11. b3 e5 12. Qc2 Bg4 13. Nbd2 Bxc5 14. Bb2 Nd4 15.
Nxd4 Bxd4 16. Bxd4 Qxd4 17. Ne4 Nh5 18. Ng5 h6 19. h3 hxg5 20. hxg4 Nf6 21.
Rae1 Qc5 22. b4 axb4 23. axb4 Qd4 24. Be4 Rac8 25. Bd3 e4 26. Be2 e3 27. Rd1
exf2+ 28. Rxf2 Qb6 29. Qb1 Rfe8 30. c5 Qe6 31. Bf3 Qe3 32. Qd3 Rcd8 33. Qxe3
Rxd1+ 34. Bxd1 Rxe3 35. Rd2 Kf8 36. Bf3 Rc3 37. Rd8+ Ke7 38. Rb8 Nd7 39. Rxb7
Kd8 40. c6 Ne5 41. b5 Kc8 42. Kf2 g6 43. Re7 Nxf3 44. gxf3 Rc5 45. Rxf7 Rxb5
46. Rg7 Rb2+ 47. Kg3 Rc2 48. Rxg6 Rc5 49. Rf6 Kd8 50. Rf5 Rxc6 51. Rxg5 Ke7 52.
Rf5 Ke6 53. Kf4 Rc4+ 54. Kg5 Rc8 55. Rf6+ Ke7 56. f4 Rg8+ 57. Rg6 Rh8 58. f5
Kf7 59. Rf6+ Kg7 60. Ra6 Rb8 61. Ra7+ Kh8 62. Kg6 Rg8+ 63. Kh6 Rf8 64. g5 Rb8
65. f6 Kg8 66. Rg7+ Kf8 67. g6 Rb6 68. Ra7 Rb8 69. Rh7 1-0

[Event "Lloyds Bank Masters 13th"]
[Site "London"]
[Date "1989.08.??"]
[Round "?"]
[White "Lane, Gary William"]
[Black "Burgess, Graham"]
[Result "0-1"]
[WhiteElo "2385"]
[BlackElo "2350"]
[PlyCount "84"]
[EventDate "1989.08.19"]
[EventType "swiss"]
[EventRounds "10"]
[EventCountry "ENG"]
[SourceTitle "BritBase"]
[Source "John Saunders"]
[SourceDate "2020.09.07"]
[SourceVersion "1"]
[SourceVersionDate "2020.09.07"]
[SourceQuality "2"]

1. e4 Nf6 2. Nc3 d5 3. exd5 Nxd5 4. Qf3 c6 5. Bc4 Be6 6. Ne4 Nc7 7. Bb3 Nd7 8.
d4 Bd5 9. c4 Bxe4 10. Qxe4 e5 11. Nf3 Ne6 12. dxe5 Ndc5 13. Qc2 Nd3+ 14. Ke2
Nxe5 15. Be3 Qf6 16. Qc3 Bd6 17. c5 Bc7 18. Bxe6 Qxe6 19. Ng5 Qg4+ 20. Kf1
O-O-O 21. Qc2 Nc4 22. Nf3 Rhe8 23. Bg5 Rd5 24. h3 Qe4 25. Qxe4 Rxe4 26. b3 Ne5
27. Nd2 Red4 28. Ke2 Ba5 29. Rhd1 Bxd2 30. Rxd2 Rxd2+ 31. Bxd2 Rxc5 32. Be3 Ra5
33. Bd4 f6 34. f4 Ng6 35. Kf3 a6 36. a4 Rd5 37. Be3 Rd3 38. Rb1 Rc3 39. g3 Ne7
40. Ke2 Nd5 41. Bf2 Kd7 42. f5 Kd6 0-1